| 000 | 00385nam a2200169Ia 4500 | ||
|---|---|---|---|
| 008 | 230524s9999 xx 000 0 und d | ||
| 020 | _a9781259029837 | ||
| 082 |
_a526.9 _bDUG |
||
| 100 | _aS.K.Duggal | ||
| 245 | 0 | _aSurveying Vol-2 | |
| 250 | _a4 | ||
| 260 |
_aNew Delhi _bTMH _c2012 |
||
| 300 | _a"XIV,512p;" | ||
| 500 | _aQuantity Number: 21 | ||
| 650 | _aCivil | ||
| 942 | _cBK | ||
| 999 |
_c54977 _d54977 |
||